| 000 | 00709nam a2200181 a 4500 | ||
|---|---|---|---|
| 005 | 20210219160148.0 | ||
| 008 | 080919s1981 mx r 000 0 spa d | ||
| 035 | _aUPN01000159829 | ||
| 049 | _aUNE | ||
| 080 | _a37.014.5 (7/8) DES Vol.4. | ||
| 245 | 0 | 0 | _aDesarrollo y Educación en América Latina; Volumen 4 ; Las respuestas a los problemas y bases para políticas. |
| 260 |
_aBuenos Aires : _bCEPAL; _aParís : _bUNESCO; _aNueva York : _bPNUD, _c1981. |
||
| 300 |
_apág. irregular.; _bil. |
||
| 440 | 0 |
_aInformes finales4 ; _vVol. 4 |
|
| 500 | _aProyecto Desarrollo y Educación en América Latina y el Caribe | ||
| 690 | _aEducacion y desarrollo- Politica educacional- America Latina | ||
| 905 | _aUNESCO | ||
| 999 |
_c131943 _d131943 |
||